Investigación, documentación y difusión en materia electoral /

Guardat en:
Dades bibliogràfiques
Autor principal: Alanis, María del Carmen
Format: Text
Etiquetes: Afegir etiqueta
Sense etiquetes, Sigues el primer a etiquetar aquest registre!

MARC

LEADER 00000 a a2200000 04500
001 4340
003
040
100 |a Alanis, María del Carmen  
245 |a Investigación, documentación y difusión en materia electoral /  |c María del Carmen Alanis 
773 |g número 44; páginas 117-159  
999 |c 21484  |d 21484